00446 2200181 4500001002100000005001500021008004100036020002200077035001900099041000700118082000800125090001400133100002500147245002500172260003200197300001800229650001700247INLIS00000000001943420241224115710241224||||||||| | ||| |||| || |  a978-602-8179-66-9 0010-1224019434 aid0 a813 a813 SON p0 aSony Ristanta Askari00aPeriuk dan Tungkunya aJakartabRIZKY GRAFISc2007 a32hlm;17x25cm 0aKesusastraan